Culture Générale - Série 250 - Statistiques

Statistiques générales
  • Ce quiz a été pris 401 fois
  • Le résultat moyen est 6 sur 10
Statistiques - réponses
Question Réponse % Correct
En Lorraine, quelle tarte salée est garnie d'oeufs battus et de lardons ? La quiche
86%
Comment "s'ra" l'été selon le titre de la chanson d'Eric Charden en 1979 ? Chaud
82%
Quel animal est miss Peggy dans le "Muppet Show" ? Une cochonne
77%
A qui s'adressait César en disant : "Toi aussi, mon fils" ? Brutus
74%
Avec Xénophon, quel autre célèbre philosophe grec a écrit un texte appelé "Le Banquet" ? Platon
69%
A quel peintre la Cie créole rend-elle hommage dans une chanson de 1983 ? Douanier Rousseau
65%
Sur quel pays la reine Margrethe II règne-t-elle depuis 1972 ? Le Danemark
55%
A quel Henri doit-on le roman "Aliocha" ? Henri Troyat
35%
Qui est la mère d'Anthony Delon ? Nathalie Delon
31%
Quelle chanteuse est l'interprète de "Cambodia" en 1982 ? Kim Wilde
20%
Aucun quiz correspondant
Distribution des résultats
% des personnes avec chaque résultat
Percentile par nombre de réponses
Votre historique - résultats
Vous n’avez pas pris ce quiz